| 000 | 00785nam a2200229 a 4500 | ||
|---|---|---|---|
| 005 | 20180803170411.0 | ||
| 008 | 140120b1996 ck ||||| |||| 00| 0 spa d | ||
| 040 |
_aCO-BoIH _cCO-BoIH |
||
| 041 | _aspa | ||
| 044 | _ack | ||
| 090 |
_aIAVH _b0030 |
||
| 100 | 1 | _aOrozco Jaramillo, Cielo | |
| 245 | 1 |
_aSistemas modelo para la micropropagación y conservación de especies forestales: _bCultivo In vitro de Cordia Alliadora |
|
| 260 |
_aBogotá _bInstituto Alexander von Humboldt _bColciencias _c1996 |
||
| 300 |
_a59 páginas _bFotografías a color _c28 cm. |
||
| 650 | 1 | 4 | _aPropagación In vitro |
| 650 | 1 | 4 | _aEspecies forestales |
| 650 | 1 | 4 | _aBiotecnología |
| 700 | _aMartínez Vivas, Juan Enrique | ||
| 942 |
_cINFORME _2z |
||
| 945 | _d1998-02-12 | ||
| 999 |
_c19719 _d19719 |
||